header

Cisco routers for the desperate (Record no. 30643)

MARC details
000 -LEADER
fixed length control field 01473nam a2200313Ia 4500
082 04 - DEWEY DECIMAL CLASSIFICATION NUMBER
Classification number 004.6/2
100 1# - MAIN ENTRY--AUTHOR NAME
Personal name Lucas, Michael,
245 10 - TITLE STATEMENT
Title Cisco routers for the desperate
260 ## - PUBLICATION, DISTRIBUTION, ETC. (IMPRINT)
Place of publication San Francisco :
Name of publisher No Starch Press,
Year of publication 2004.
300 ## - PHYSICAL DESCRIPTION
Number of Pages xii, 129 p.
500 ## - GENERAL NOTE
General note Includes index.
505 0# - FORMATTED CONTENTS NOTE
Formatted contents note Introduction -- Befriending the command line -- Router configuration -- Router interfaces -- ISP connections -- Troubleshooting routers -- Private connections -- IOS changes -- Multihoming -- Logins, authentication, and remote access -- Other Cisco services -- Securing network services -- Appendix A: IP address masks -- Index.
650 #0 - SUBJECT ADDED ENTRY--TOPICAL TERM
Topical Term Routers (Computer networks)
856 40 - ELECTRONIC LOCATION AND ACCESS
Uniform Resource Identifier http://site.ebrary.com/lib/rucke/Doc?id=10070404

No items available.

© 2026 Rongo University
Contact us: librarian | system librarian | Rongo university